| 000 | 00983nam a22003137a 4500 | ||
|---|---|---|---|
| 001 | 200460728 | ||
| 003 | TR-AnTOB | ||
| 005 | 20240605091310.0 | ||
| 008 | 240605b tu ||||| |||| 00| 0 tur d | ||
| 020 | _a9786050058420 | ||
| 040 |
_aTR-AnTOB _beng _cTR-AnTOB _erda |
||
| 041 | 1 |
_atur _heng |
|
| 092 |
_a823.914 _bBLY 2018 |
||
| 100 | 1 |
_aBlyton, Enid, _d1900-1968 |
|
| 245 | 1 | 0 |
_aVadide macera / _cEnid Blyton ; İngilizce aslından çeviren: Banu Akşehirlioğlu. |
| 250 | _a10. bs | ||
| 260 |
_aİstanbul : _bArtemis Yayınları, _c2018. |
||
| 300 |
_a317 Pages. ; _c20 cm. |
||
| 336 |
_atext _btxt _2rdacontent |
||
| 337 |
_aunmediated _bn _2rdamedia |
||
| 338 |
_avolume _bnc _2rdacarrier |
||
| 500 | _aÖzgün eseradı: The Valley of Adventure | ||
| 546 | _aMetin Türkçe, İngilizce'den çeviri | ||
| 650 | 4 |
_aİngiliz romanı _96057 |
|
| 700 | 1 |
_aAkşehirlioğlu, Banu, _eçev. |
|
| 942 |
_2ddc _cBK |
||
| 999 |
_c200460728 _d78940 |
||